Loading...

Mythileesaran Gupth ka kathiboli ke uthkarsh me yogdan /

Bibliographic Details
Main Author: Varma, Sahdev
Format: Printed Book
Language:Hindi
Published: Adars Sahity Prakasan , 1971.
Subjects:
LEADER 00534nam a2200157Ia 4500
008 150624b xxu||||| |||| 00| p hin d
082 |a 861.42309 
100 |a Varma, Sahdev 
245 |c Sahdev Varma  |a Mythileesaran Gupth ka kathiboli ke uthkarsh me yogdan / 
260 |b Adars Sahity Prakasan ,  |c 1971. 
300 |a 450 p. 
546 |a In Hindi. 
650 |v Poetry 
942 |c BK 
999 |c 87803  |d 87803 
952 |0 1  |1 0  |4 1  |6 861_423090000000000_VER_M_H  |7 0  |9 87747  |a UL  |b UL  |c ST1  |d 1998-09-15  |l 0  |o 861.42309 VER/M H  |p 11309  |r 2012-10-27  |w 2012-10-27  |y BK